00716nam a2200205 a 450000500170000000800410001702000180005805000290007610000190010524500890012425000130021326000340022630000340026052100070029465000240030170000190032594200170034499900170036195201320037820140310183625.0120910s19uu xx 00 eng d a9780132570114 aQA 76.9.D3 b.K7365 2012 aKroenke, David aDatabase processing :bfundamentals, design, and implementation /cDavid M. Kroenke. a12th ed. aBoston, MA :bPearson,c2012. a640 p. :bcol. ill. ;c28 cm. aIT aDatabase management aAuer, David J. cBK2lcckFOR c25489d25489 00102lcc40aCLbCLcRESd0000-00-00l3m8oQA 76.9.D3 .K7365 2012pC15582r2019-09-11 00:00:00s2019-09-11t1w2014-03-10yBK